| 000 | 00592nam a22002177a 4500 | ||
|---|---|---|---|
| 003 | LC | ||
| 005 | 20160223150452.0 | ||
| 008 | 121116t xxu||||| |||| 00| 0 eng d | ||
| 020 | _a0340488395 | ||
| 020 | _a9780399133473 | ||
| 022 | _20340488395 | ||
| 050 |
_aPR 6057 _b.G226 1988 |
||
| 082 |
_aFIC _bG17s 1988 |
||
| 100 |
_aGardner, John _917595 |
||
| 245 |
_aScorpius _cby John Gardner. |
||
| 260 |
_aGreat Britain. _bGlidrose Publications Ltd. _cc1988. |
||
| 300 |
_b18 cm. _a284 p. |
||
| 650 | _aBond, James -- (Fictitious character) -- Fiction. | ||
| 942 |
_2lcc _cBK |
||
| 999 |
_c1195 _d1195 |
||